General and Systematic Pathology (Record no. 155490)

MARC details
000 -LEADER
fixed length control field 00392nam a2200145Ia 4500
008 - FIXED-LENGTH DATA ELEMENTS--GENERAL INFORMATION
fixed length control field 230411s9999 xx 000 0 und d
020 ## - INTERNATIONAL STANDARD BOOK NUMBER
International Standard Book Number 044307335X
041 ## - LANGUAGE CODE
Language code of text/sound track or separate title eng
082 ## - DEWEY DECIMAL CLASSIFICATION NUMBER
Classification number PA/616.07/UND/B04907
100 ## - MAIN ENTRY--PERSONAL NAME
Personal name Underwood J Ed.
9 (RLIN) 178376
245 ## - TITLE STATEMENT
Title General and Systematic Pathology
260 ## - PUBLICATION, DISTRIBUTION, ETC. (IMPRINT)
Name of publisher, distributor, etc. Churchill Livingstone
Place of publication, distribution, etc. Edinburgh
Date of publication, distribution, etc. 2004
300 ## - PHYSICAL DESCRIPTION
Extent 839p
Holdings
Withdrawn status Lost status Damaged status Not for loan Collection code Home library Current library Date acquired Vendor Cost, normal purchase price Bill number Total Checkouts Full call number Barcode Date last seen Cost, replacement price Bill Date Koha item type Original Barcode
          Smt. Bakul Tambat Institute of Nursing Education Smt. Bakul Tambat Institute of Nursing Education 23/01/2008 B.J.Medical Co-oprative College Stores 1857.00 1712   PA 616.07 UND B04907 BTIN-BK-4907 11/04/2023 1448.00 23/01/2008 Books B04907